000
00329pab a2200133 454500
008
180718b1991 xxu||||| |||| 00| 0 eng d
100
_a
Inamete, Ufot B.
245
_a
Federalism in Nigeria
_b
The crucial dynamics
260
_c
1991
300
_a
191-207
650
_a
Federalism - Nigeria
773
_a
Round Table
909
_a
8434
999
_c
8434
_d
8434